Exogenous and endogenous risks of logistics systems

Pojem logistický systém a logistické metódy. Riziká logistických systémov. Zásobovacia logistika. Dopravná logistika. Výrobná logistika.

Saved in:
Bibliographic Details
Main Author: Dubovec, Juraj
Other Authors: Palúch, Stanislav
Format: Book Chapter
Language:Slovak
Subjects:
Tags: Add Tag
No Tags, Be the first to tag this record!

MARC

LEADER 00000naa a2200000 4500
001 0182627
005 20230908075848.6
041 0 |a slo 
044 |a CZ 
245 1 0 |a Exogenous and endogenous risks of logistics systems  |c Juraj Dubovec, Stanislav Palúch 
520 |a Pojem logistický systém a logistické metódy. Riziká logistických systémov. Zásobovacia logistika. Dopravná logistika. Výrobná logistika. 
610 2 0 |a logistika distribučná 
610 2 0 |a tok materiálu 
610 2 0 |a riziko 
610 2 0 |a podnik logistický 
610 2 0 |a analýza operačná 
100 1 |a Dubovec, Juraj 
700 1 |a Palúch, Stanislav